000 00829nam a2200229Ia 4500
001 17724
003 GE_BSU
008 181216s||||||||xx |||||||||||||| ||und||
020 _a9789941938825
040 _cGE_BSU
080 _a63(038)
100 _aკოპალიანი, ლ.
245 _aსასოფლო-სამეურნეო ტერმინთა განმარტებითი ლექსიკონი
245 _cრედ.:გეწაძე. გ.
260 _aქუთაისი
260 _bხომლი-ენ
260 _c2014
300 _a94 გვ.;20სმ.
300 _eბიბლ.გვ.94
653 _aსასოფლო-სამეურნეო ტერმინთა განმარტებითი ლექსიკონი
942 _cBK
999 _c50772
_d50772